[Event "Dhaka Walton op"]
[Site "Dhaka"]
[Date "2021.06.17"]
[Round "3"]
[White "Md, Sharif Hossain"]
[Black "Md Hasan, Ali Hasan"]
[Result "1-0"]
[WhiteElo "2122"]
[BlackElo "1807"]
[PlyCount "109"]
[EventDate "2021.06.15"]
[EventType "swiss"]
[EventRounds "9"]
[EventCountry "BAN"]
[SourceTitle "EXT 2022"]
[Source "ChessBase"]
[SourceDate "2021.10.06"]
[SourceVersion "1"]
[SourceVersionDate "2021.10.06"]
[SourceQuality "1"]

1. e4 Nc6 2. Nf3 d5 3. exd5 Qxd5 4. Nc3 Qa5 5. Bb5 Bd7 6. 0-0 a6 7. Bc4 Nf6 8. d4 Bg4 9. h3 Bh5 10. d5 0-0-0 11. Bd2 Ne5 12. Be2 Ned7 13. b4 Qxb4 14. Nb5 Qc5 15. Be3 Qxd5 16. Na7+ Kb8 17. Qb1 Ka8 18. a4 e5 19. Nb5 Qc6 20. Na7 Qc3 21. Rd1 Bc5 22. Nb5 Qa5 23. Bxc5 Nxc5 24. g4 Bg6 25. Nxe5 c6 26. Nc4 Rxd1+ 27. Qxd1 Qd8 28. Nbd6 Nd5 29. a5 Qf6 30. Ra3 h5 31. gxh5 Nf4 32. hxg6 Nxh3+ 33. Rxh3 Rxh3 34. gxf7 Qf4 35. Bg4 Rh4 36. Ne3 Rh8 37. Qf3 Qxd6 38. Nc4 Qe7 39. Nb6+ Kb8 40. Qf4+ Ka7 41. Nc8+ Rxc8 42. Bxc8 Qf8 43. Qc7 Ka8 44. Kg2 Ka7 45. f3 Ka8 46. Kg3 Ka7 47. Kg4 Ka8 48. Kg5 Ka7 49. Bf5 Na4 50. f4 Nc3 51. Qd7 Qc5 52. Kg6 Nd5 53. Qd8 Qg1+ 54. Kh7 Nf6+ 55. Kh8 1-0